| 000 | 00433nam a2200157Ia 4500 | ||
|---|---|---|---|
| 999 |
_c3327 _d3327 |
||
| 020 | _a0-7546-2361-0 | ||
| 082 | _a340.112 HOD-; | ||
| 100 | _aHodgson, Douglas | ||
| 245 | 0 | _aIndividual duty within a human rights discourse | |
| 260 |
_aAldershot _bAshgate Publishing _c2003 |
||
| 300 | _axi, 277p. | ||
| 504 | _aIncludes bibliography and index | ||
| 650 | _aHuman rights - Moral and ethical aspects | ||
| 650 | _aDuty | ||
| 942 | _cBK | ||